| 000 | 01337cam a2200241 4500 | ||
|---|---|---|---|
| 001 | WB3936-18 | ||
| 008 | 030925n2003 000 0 eng u | ||
| 035 | _a(Sirsi) u123724 | ||
| 245 | _aProtecting design quality in planning | ||
| 260 | _c2003 | ||
| 490 |
_aPlanning (for the Natural and Built Environment) _v(1537) 19 September 2003, 8(1) |
||
| 520 | _aThe Commission for Architecture and the Built Environment (CABE) has issued timely guidance to local authority planners on how to protect design quality in the planning process. "Protecting design quality in planning" proposes nine key action points for planning authorities such as a pro-active approach, sound audit trails, particular care in handling of outline planning applications and scope to draft planning conditions. Lack of resources cannot be used as an excuse for allowing poor-quality designs. The CABE guidance is available at http://www.cabe.org.uk/3RNUrQpVyK6=IZRyh4HvOww/publications/index.html | ||
| 590 | _aWB | ||
| 650 | _aDESIGN QUALITY | ||
| 650 | _aPLANNING PROCESS | ||
| 650 | _aLOCAL PLANNING AUTHORITIES | ||
| 650 | _aAUDITS | ||
| 650 | _aOUTLINE PLANNING APPLICATIONS | ||
| 650 | _aPLANNING CONDITIONS | ||
| 650 | _aENVIRONMENTAL IMPACT ASSESSMENTS | ||
| 690 | _aENVIRONMENTAL AND LAND CONSULTANCY-PLANNING AND DEVELOPMENT | ||
| 942 | _n0 | ||
| 999 |
_c73460 _d73460 |
||